<?xml version="1.0" encoding="UTF-8"?><?xml-stylesheet type="text/xsl" href="static/style.xsl"?><OAI-PMH xmlns="http://www.openarchives.org/OAI/2.0/" xmlns:xsi="http://www.w3.org/2001/XMLSchema-instance" xsi:schemaLocation="http://www.openarchives.org/OAI/2.0/ http://www.openarchives.org/OAI/2.0/OAI-PMH.xsd"><responseDate>2026-06-07T05:20:37Z</responseDate><request verb="GetRecord" identifier="oai:riuma.uma.es:10630/32970" metadataPrefix="marc">https://riuma.uma.es/rest/oai/request</request><GetRecord><record><header><identifier>oai:riuma.uma.es:10630/32970</identifier><datestamp>2026-02-03T11:32:19Z</datestamp><setSpec>com_10630_2254</setSpec><setSpec>col_10630_37953</setSpec></header><metadata><record xmlns="http://www.loc.gov/MARC21/slim" xmlns:dcterms="http://purl.org/dc/terms/" xmlns:doc="http://www.lyncode.com/xoai" xmlns:xsi="http://www.w3.org/2001/XMLSchema-instance" xsi:schemaLocation="http://www.loc.gov/MARC21/slim http://www.loc.gov/standards/marcxml/schema/MARC21slim.xsd">
   <leader>00925njm 22002777a 4500</leader>
   <datafield ind2=" " ind1=" " tag="042">
      <subfield code="a">dc</subfield>
   </datafield>
   <datafield ind2=" " ind1=" " tag="720">
      <subfield code="a">Atienza-Márquez, Antonio</subfield>
      <subfield code="e">author</subfield>
   </datafield>
   <datafield ind2=" " ind1=" " tag="720">
      <subfield code="a">Fernández-Hernández, Francisco Ángel</subfield>
      <subfield code="e">author</subfield>
   </datafield>
   <datafield ind2=" " ind1=" " tag="720">
      <subfield code="a">Domínguez-Muñoz, Fernando</subfield>
      <subfield code="e">author</subfield>
   </datafield>
   <datafield ind2=" " ind1=" " tag="720">
      <subfield code="a">Carrillo-Andrés, Antonio</subfield>
      <subfield code="e">author</subfield>
   </datafield>
   <datafield ind2=" " ind1=" " tag="720">
      <subfield code="a">Cejudo-López, José Manuel</subfield>
      <subfield code="e">author</subfield>
   </datafield>
   <datafield ind2=" " ind1=" " tag="260">
      <subfield code="c">2017</subfield>
   </datafield>
   <datafield ind2=" " ind1=" " tag="520">
      <subfield code="a">Several control strategies are compared for a hydronic heating system that combines two different terminal units, radiant floor and fan-coil, in the same thermal zone. The performance of the combined system is evaluated in terms of energy consumption and comfort level. The production unit is an air-water heat pump. Four control strategies are defined and compared using a TRNSYS model: one strategy is applied when only the radiant floor operates, two strategies (simply and improved) are applied when only the fan-coil operates, and one strategy is applied when both terminal units operate simultaneously. Simulations are undertaken for three major cities with different heating requirements. In terms of comfort, the combined system achieves the higher scores, ensuring comfort conditions during most of the heating season. In terms of energy consumption, the worst option is the one that uses a fan-coil with fixed air velocity and fixed inlet water temperature. Nonetheless, there are not important differences between the analysed control options. The energy consumption of the system is mainly influenced by the part load performance of the heat pump, although the differences are small.</subfield>
   </datafield>
   <datafield ind1="8" ind2=" " tag="024">
      <subfield code="a">Antonio Atienza Márquez, José Manuel Cejudo López, Francisco Fernández Hernández, Fernando Domínguez Muñoz, Antonio Carrillo Andrés, A comparison of heating terminal units: Fan-coil versus radiant floor, and the combination of both, Energy and Buildings, Volume 138, 2017, Pages 621-629, ISSN 0378-7788, https://doi.org/10.1016/j.enbuild.2016.12.092. (https://www.sciencedirect.com/science/article/pii/S0378778816320849)</subfield>
   </datafield>
   <datafield ind1="8" ind2=" " tag="024">
      <subfield code="a">https://hdl.handle.net/10630/32970</subfield>
   </datafield>
   <datafield ind1="8" ind2=" " tag="024">
      <subfield code="a">10.1016/j.enbuild.2016.12.092</subfield>
   </datafield>
   <datafield tag="653" ind2=" " ind1=" ">
      <subfield code="a">Calefacción por agua caliente</subfield>
   </datafield>
   <datafield ind2="0" ind1="0" tag="245">
      <subfield code="a">A comparison of heating terminal units: Fan-coil versus radiant floor, and the combination of both</subfield>
   </datafield>
</record>
</metadata></record></GetRecord></OAI-PMH>